MARC details
| 000 -LEADER |
| fixed length control field |
01489cam a22003375a 4500 |
| 001 - CONTROL NUMBER |
| control field |
18361686 |
| 005 - DATE AND TIME OF LATEST TRANSACTION |
| control field |
20161120105552.0 |
| 008 - FIXED-LENGTH DATA ELEMENTS--GENERAL INFORMATION |
| fixed length control field |
141105t2012 mdu frf 001 0 eng d |
| 020 ## - INTERNATIONAL STANDARD BOOK NUMBER |
| International Standard Book Number |
9781585282630 |
| 020 ## - INTERNATIONAL STANDARD BOOK NUMBER |
| International Standard Book Number |
1585282634 |
| 040 ## - CATALOGING SOURCE |
| Original cataloging agency |
BTCTA |
| Language of cataloging |
eng |
| Transcribing agency |
BTCTA |
| Modifying agency |
YDXCP |
| -- |
VET |
| -- |
AUM |
| -- |
CHS |
| -- |
OCLCA |
| -- |
OCLCF |
| -- |
OCLCO |
| -- |
DLC |
| 082 04 - DEWEY DECIMAL CLASSIFICATION NUMBER |
| Edition number |
22 |
| Classification number |
616.075 |
| Item number |
SCH |
| 100 1# - MAIN ENTRY--PERSONAL NAME |
| Personal name |
Schmidt, Justin. |
| 245 10 - TITLE STATEMENT |
| Title |
Interpreting laboratory data : |
| Remainder of title |
a point-of-care guide / |
| Statement of responsibility, etc |
Justin Schmidt, Jeffrey Wieczorkiewicz. |
| 260 ## - PUBLICATION, DISTRIBUTION, ETC. (IMPRINT) |
| Place of publication, distribution, etc |
Bethesda : |
| Name of publisher, distributor, etc |
American Society of Health-System Pharmacists, |
| Date of publication, distribution, etc |
c.2012. |
| 300 ## - PHYSICAL DESCRIPTION |
| Extent |
xx, 178 p. ; |
| Dimensions |
18 cm. |
| 500 ## - GENERAL NOTE |
| General note |
Contains quickview lab charts from Basic skills in interpreting laboratory data. |
| 500 ## - GENERAL NOTE |
| General note |
Includes indexes. |
| 650 #7 - SUBJECT ADDED ENTRY--TOPICAL TERM |
| Topical term or geographic name as entry element |
Diagnosis, Laboratory |
| Form subdivision |
Handbooks, manuals, etc. |
| Source of heading or term |
BUEsh |
| 9 (RLIN) |
12837 |
| 650 #7 - SUBJECT ADDED ENTRY--TOPICAL TERM |
| Topical term or geographic name as entry element |
Examinations |
| General subdivision |
Interpretation |
| Form subdivision |
Handbooks, manuals, etc. |
| Source of heading or term |
BUEsh |
| 650 #2 - SUBJECT ADDED ENTRY--TOPICAL TERM |
| Topical term or geographic name as entry element |
Clinical Laboratory Techniques |
| Form subdivision |
Handbooks. |
| Source of heading or term |
BUEsh |
| 9 (RLIN) |
36370 |
| 650 #2 - SUBJECT ADDED ENTRY--TOPICAL TERM |
| Topical term or geographic name as entry element |
Reference Values |
| Form subdivision |
Handbooks |
| Source of heading or term |
BUEsh |
| 650 #7 - SUBJECT ADDED ENTRY--TOPICAL TERM |
| Topical term or geographic name as entry element |
Diagnosis, Laboratory. |
| Source of heading or term |
fast |
| 650 #7 - SUBJECT ADDED ENTRY--TOPICAL TERM |
| Topical term or geographic name as entry element |
Examinations |
| General subdivision |
Interpretation. |
| Source of heading or term |
fast |
| 653 ## - INDEX TERM--UNCONTROLLED |
| Resource For college |
Pharmacy |
| Arrived date list |
November2016 |
| 700 1# - ADDED ENTRY--PERSONAL NAME |
| Personal name |
Wierczorkiewicz, Jeffrey. |
| 710 2# - ADDED ENTRY--CORPORATE NAME |
| Corporate name or jurisdiction name as entry element |
American Society of Health-System Pharmacists. |
| 856 42 - ELECTRONIC LOCATION AND ACCESS |
| Materials specified |
Contributor biographical information |
| Uniform Resource Identifier |
<a href="https://www.loc.gov/catdir/enhancements/fy1617/2014469757-b.html">https://www.loc.gov/catdir/enhancements/fy1617/2014469757-b.html</a> |
| 856 42 - ELECTRONIC LOCATION AND ACCESS |
| Materials specified |
Publisher description |
| Uniform Resource Identifier |
<a href="https://www.loc.gov/catdir/enhancements/fy1617/2014469757-d.html">https://www.loc.gov/catdir/enhancements/fy1617/2014469757-d.html</a> |
| 942 ## - ADDED ENTRY ELEMENTS (KOHA) |
| Source of classification or shelving scheme |
Dewey Decimal Classification |